LEADER 01110cam0-22003851i-450- 001 990007203730403321 005 20100316090704.0 010 $a88-14-05043-0 035 $a000720373 035 $aFED01000720373 035 $a(Aleph)000720373FED01 035 $a000720373 100 $a20021021d1994----km-y0itay50------ba 101 0 $aita 102 $aIT 105 $ay-------001yy 200 1 $a<>equa retribuzione nella costituzione e nella giurisprudenza$fLoris Bonaretti$gpresentazione di Guido Zangari 210 $aMilano$cGiuffrè$d1994 215 $aXXIV, 859 p.$d24 cm 300 $aSegue: Appendice 676 $a344 676 $a344.0121 700 1$aBonaretti,$bLoris$0229874 702 1$aZangari,$bGuido$f<1932-2008> 801 0$aIT$bUNINA$gRICA$2UNIMARC 901 $aBK 912 $a990007203730403321 952 $aA-X-66$b6763dip.$fDDRC 952 $aVII Z 142$b27057*$fFGBC 952 $aDPR 29-498$b14182$fDEC 959 $aDDRC 959 $aFGBC 959 $aDEC 996 $aEqua retribuzione nella Costituzione e nella giurisprudenza$966444 997 $aUNINA